Tous les pokémon de Pierre Rochard - Statistiques

Statistiques générales
  • Ce quiz a été pris 52 fois
  • Le résultat moyen est 8 sur 11
Statistiques - réponses
Hint Réponse % Correct
Métalosse
100%
Vacilys
97%
Armaldo
94%
Galeking
94%
Rubis & Saphir Airmure
91%
Kaorine
80%
Emeraude Métang
57%
Noir2 & Blanc2 Aéroptéryx
54%
Rubis Oméga & Saphir Alpha Ptéra
51%
Strassie
40%
Minotaupe
34%
Aucun quiz correspondant
Distribution des résultats
% des personnes avec chaque résultat
Percentile par nombre de réponses
Votre historique - résultats
Vous n’avez pas pris ce quiz